00527nam a2200145Ia 4500008004100000041000800041082001300049100002400062245005000086260003200136300001400168906001300182999001700195952016900212220530s9999 xx 000 0 und d aeng a510bDES aDeshmukh D T956786 aA Text Book of Engineering Mathematics Vol II aNagpurbSurya Offsettc2011 a968 PbPB a52.5bGB c51439d51439 001040708Allied ScienceaCEWNbCEWNd2013-01-18eBook Sourceg350.00l2o510/DES/ pCEWN-BK-3902r2024-12-23 00:00:00s2024-12-10v297.50w2022-05-30yBKz003902